000 00241nam a2200097Ia 4500
001 777316
005 20250826165904.0
008 250824s9999 xx 000 0 und d
245 0 _aŞİİRLER
_cAHMET MUHİP DIRANAS
260 _bEVEREST YAYINLARI
999 _c777316
_d777316